Giải tích Calcus tập 1

Gồm 11 chương: Hàm số và giới hạn; đạo hàm; ứng dụng của đạo hàm; tích phân; ứng dụng của tích phân; hàm ngược; các kỹ thuật tính tích phân; các ứng dụng khác của tích phân; phương trình vi phân; phương trình tham số và hệ tọa; dãy vô hạn...

সম্পূর্ণ বিবরণ

সংরক্ষণ করুন:
গ্রন্থ-পঞ্জীর বিবরন
প্রধান লেখক: Stewart, James
অন্যান্য লেখক: Trần, Tuấn Mãn
বিন্যাস: গ্রন্থ
ভাষা:Undetermined
প্রকাশিত: H. Hồng Đức 2016
বিষয়গুলি:
অনলাইন ব্যবহার করুন:http://lrc.tdmu.edu.vn/opac/search/detail.asp?aID=2&ID=33794
ট্যাগগুলো: ট্যাগ যুক্ত করুন
কোনো ট্যাগ নেই, প্রথমজন হিসাবে ট্যাগ করুন!
Thư viện lưu trữ: Trung tâm Học liệu Trường Đại học Thủ Dầu Một
LEADER 01035nam a2200241Ia 4500
001 TDMU_33794
008 210410s9999 xx 000 0 und d
082 |a 338.95694 
090 |b S200 
100 |a Stewart, James 
245 0 |a Giải tích 
245 0 |b Calcus 
245 0 |c James Stewart 
245 0 |n tập 1 
260 |a H. 
260 |b Hồng Đức 
260 |c 2016 
300 |a 808 tr 
520 |a Gồm 11 chương: Hàm số và giới hạn; đạo hàm; ứng dụng của đạo hàm; tích phân; ứng dụng của tích phân; hàm ngược; các kỹ thuật tính tích phân; các ứng dụng khác của tích phân; phương trình vi phân; phương trình tham số và hệ tọa; dãy vô hạn và chuỗi 
650 |a Toán học  |x Giải tích 
700 |a Trần, Tuấn Mãn 
856 |u http://lrc.tdmu.edu.vn/opac/search/detail.asp?aID=2&ID=33794 
980 |a Trung tâm Học liệu Trường Đại học Thủ Dầu Một